000 00711nam a22002057a 4500
003 OSt
005 20250826080345.0
008 250826b |||||||| |||| 00| 0 eng d
020 _a9780273757917
040 _aDWCL-Main lib
_cOC
082 _aCirc. 174.4 F533b 2013
100 _aFisher, Colin
245 _aBusiness ethics and values : individual, corporate and international perspectives/
_cColin Fisher
260 _aUnited Kingdom :
_b Pearson Education,
_c c2013.
300 _axx, 630 pages :
_billustrations ;
_c 24 cm.
504 _aIncludes bibliographical references and index.
650 _21.Business ethics
650 _2 2. Business enterprises
942 _2ddc
_cBK-CIRC
_eFourth edition
_kCirc.
_n0
999 _c4282
_d4282